[Event "FIN-chT 2223"]
[Site "Finland"]
[Date "2022.10.15"]
[Round "3.5"]
[White "Hamalainen, Jussi"]
[Black "Salonen, Mikko"]
[Result "1/2-1/2"]
[WhiteElo "2007"]
[BlackElo "2072"]
[PlyCount "180"]
[EventDate "2022.09.24"]
[EventType "team-tourn"]
[EventRounds "11"]
[EventCountry "FIN"]
[SourceTitle "EXT 2024"]
[Source "ChessBase"]
[SourceDate "2023.10.10"]
[SourceVersion "1"]
[SourceVersionDate "2023.10.10"]
[SourceQuality "1"]
[WhiteTeam "Joensuu SK"]
[BlackTeam "Vammala SK"]
[WhiteTeamCountry "FIN"]
[BlackTeamCountry "FIN"]

1. Nf3 d5 2. g3 g6 3. Bg2 Bg7 4. 0-0 e5 5. d3 Ne7 6. e4 d4 7. Nbd2 c5 8. Nc4 Nbc6 9. a4 0-0 10. Qe2 Bg4 11. h3 Be6 12. b3 Qd7 13. Ng5 Bxc4 14. bxc4 h6 15. Nf3 Nc8 16. Nh4 Nd6 17. f4 exf4 18. Bxf4 Rae8 19. Qd2 Kh7 20. Rab1 Ne5 21. Nf3 f6 22. Bxe5 fxe5 23. h4 Rf7 24. Kh2 Ref8 25. a5 Qc7 26. Ra1 Ne8 27. Qe2 Nf6 28. Bh3 Qd6 29. Kg2 Kg8 30. Qd2 Kh8 31. Nh2 Qe7 32. Ng4 Ng8 33. Rxf7 Qxf7 34. Nh2 Qe8 35. Qe2 h5 36. Nf3 Bh6 37. Rb1 Rf7 38. Rb5 Qe7 39. Rb1 Be3 40. Rf1 Nh6 41. Nh2 Kg7 42. Rxf7+ Nxf7 43. Nf3 Nd8 44. Qd1 Nc6 45. Qa1 Qc7 46. a6 b6 47. Qa4 Kf6 48. Qb5 Ke7 49. g4 hxg4 50. Bxg4 Bf4 51. Ng5 Bxg5 52. hxg5 Kd6 53. Kh3 Qh7+ 54. Kg3 Qh1 55. Be6 Qg1+ 56. Kh3 Qe3+ 57. Kh4 Qf4+ 58. Kh3 Qf3+ 59. Kh2 Qh5+ 60. Kg3 Qxg5+ 61. Kh3 Qd8 62. Bg4 g5 63. Qb1 Qh8+ 64. Kg2 Qf6 65. Qh1 Ne7 66. Qh7 Kc6 67. Bf5 b5 68. cxb5+ Kxb5 69. Bd7+ Kxa6 70. Qh1 Kb7 71. Qb1+ Kc7 72. Be8 Ng6 73. Bxg6 Qxg6 74. Qa2 a6 75. Qd5 Qd6 76. Qf7+ Kb6 77. Qb3+ Kc7 78. Qf7+ Qd7 79. Qc4 Kb6 80. Qb3+ Ka7 81. Qa2 Qc7 82. Kg3 c4 83. Kg4 a5 84. dxc4 Ka6 85. Qa4 Qb7 86. Kxg5 Qxe4 87. Qb5+ Ka7 88. Qxa5+ Kb8 89. Qd8+ Ka7 90. Qa5+ Kb8 1/2-1/2

[Event "FIN-chT 2022"]
[Site "Finland"]
[Date "2022.05.22"]
[Round "11.8"]
[White "Salonen, Mikko"]
[Black "Virtanen, Aleksi"]
[Result "1-0"]
[WhiteElo "2073"]
[BlackElo "1784"]
[PlyCount "107"]
[EventDate "2020.09.12"]
[EventType "team-tourn"]
[EventRounds "11"]
[EventCountry "FIN"]
[SourceTitle "EXT 2023"]
[Source "ChessBase"]
[SourceDate "2022.10.05"]
[SourceVersion "1"]
[SourceVersionDate "2022.10.05"]
[SourceQuality "1"]
[WhiteTeam "Sastamala VammSK"]
[BlackTeam "Salo SalSK"]
[WhiteTeamCountry "FIN"]
[BlackTeamCountry "FIN"]

1. e4 d5 2. exd5 Qxd5 3. Nf3 Nc6 4. Be2 e5 5. Nc3 Qd6 6. Nb5 Qd8 7. 0-0 a6 8. Nc3 Nf6 9. Re1 Bd6 10. d4 0-0 11. d5 Nb8 12. Bg5 h6 13. Bh4 Bf5 14. Bd3 Bxd3 15. Qxd3 Re8 16. Re2 Nbd7 17. Rae1 Be7 18. Nxe5 Nb6 19. Nf3 Qd7 20. Ne5 Qd6 21. Bg3 Qc5 22. Qf3 Nbxd5 23. Nd3 Qc6 24. Nxd5 Nxd5 25. c4 Nb4 26. Nxb4 Bxb4 27. Qxc6 Rxe2 28. Rxe2 bxc6 29. Bxc7 Kf8 30. g3 Ra7 31. Bf4 Rd7 32. h4 Rd4 33. b3 h5 34. Kg2 Rd3 35. Be3 Rd6 36. a3 Bxa3 37. Ra2 Bb4 38. Rxa6 Re6 39. Rb6 c5 40. Rb5 Rc6 41. Rb7 g6 42. Kf3 Kg7 43. Ke4 Kf6 44. Bg5+ Kg7 45. Kd5 Ra6 46. Be3 Ra8 47. Rb5 Rd8+ 48. Kc6 Rd3 49. Bxc5 Bxc5 50. Kxc5 Rf3 51. Kb6 Rf6+ 52. Kb7 Re6 53. c5 Re7+ 54. Kb6 1-0

[Event "FIN-chT 1819"]
[Site "Finland"]
[Date "2018.12.08"]
[Round "5.8"]
[White "Kivilahti, Rami"]
[Black "Salonen, Mikko"]
[Result "1/2-1/2"]
[WhiteElo "2073"]
[BlackElo "2053"]
[PlyCount "51"]
[EventDate "2018.09.15"]
[EventType "team-tourn"]
[EventRounds "11"]
[EventCountry "FIN"]
[SourceTitle "CBM 189 Extra"]
[Source "ChessBase"]
[SourceDate "2019.06.03"]
[SourceVersion "1"]
[SourceVersionDate "2019.06.03"]
[SourceQuality "1"]
[WhiteTeam "Helsinki Aatos"]
[BlackTeam "Sastamala VammSK"]
[WhiteTeamCountry "FIN"]
[BlackTeamCountry "FIN"]

1. d4 d5 2. Nf3 Nf6 3. e3 Bf5 4. Bd3 Bxd3 5. Qxd3 c6 6. 0-0 Nbd7 7. Nbd2 e6 8. Re1 Bd6 9. e4 dxe4 10. Nxe4 Nxe4 11. Rxe4 Nf6 12. Re1 h6 13. c4 0-0 14. Bd2 c5 15. Bc3 Rc8 16. Rad1 cxd4 17. Qxd4 Bc5 18. Qh4 Qe7 19. Bxf6 Qxf6 20. Qxf6 gxf6 21. Rd7 Bb6 22. b3 Rc7 23. Rd3 Rcc8 24. Rd7 Rb8 25. Red1 Rfd8 26. Rxd8+ 1/2-1/2

[Event "Tampere We TammerSh B"]
[Site "Tampere"]
[Date "2017.09.30"]
[Round "2"]
[White "Salonen, Mikko"]
[Black "Peurala, Jussi"]
[Result "1-0"]
[WhiteElo "1988"]
[BlackElo "2039"]
[PlyCount "85"]
[EventDate "2017.09.30"]
[EventType "swiss"]
[EventRounds "4"]
[EventCountry "FIN"]
[SourceTitle "EXT 2022"]
[Source "ChessBase"]
[SourceDate "2021.10.06"]
[SourceVersion "1"]
[SourceVersionDate "2021.10.06"]
[SourceQuality "1"]

1. e4 c5 2. Nf3 d6 3. d4 cxd4 4. Nxd4 Nf6 5. Nc3 g6 6. Be3 Bg7 7. Bc4 0-0 8. f3 Nc6 9. Qd2 Bd7 10. 0-0-0 Qa5 11. g4 Rfc8 12. Bb3 Ne5 13. h4 h5 14. g5 Ne8 15. f4 Nc4 16. Qd3 Nxe3 17. Qxe3 Qc5 18. Qd3 Bg4 19. Rd2 Nc7 20. Rf1 Bxd4 21. Qxd4 Qxd4 22. Rxd4 Be6 23. f5 Bxb3 24. axb3 a6 25. f6 Ne6 26. Rd5 exf6 27. Rxf6 Rc6 28. Rd2 Nc5 29. Rfxd6 Rxd6 30. Rxd6 Re8 31. Rd4 Kg7 32. Kd2 Ne6 33. Rc4 f6 34. gxf6+ Kxf6 35. Nd5+ Ke5 36. Ke3 g5 37. hxg5 Nxg5 38. Nf4 b6 39. Rd4 Rc8 40. Rd5+ Kf6 41. Rf5+ Ke7 42. Rxg5 Rxc2 43. Rg2 1-0

[Event "FIN-chT1A 1718"]
[Site "Finland"]
[Date "2017.09.17"]
[Round "2.4"]
[White "Mikkonen, Harri"]
[Black "Salonen, Mikko"]
[Result "0-1"]
[WhiteElo "1974"]
[BlackElo "1988"]
[PlyCount "72"]
[EventDate "2017.09.16"]
[EventType "team-tourn"]
[EventRounds "7"]
[EventCountry "FIN"]
[SourceTitle "EXT 2020"]
[Source "ChessBase"]
[SourceDate "2019.10.17"]
[SourceVersion "1"]
[SourceVersionDate "2019.10.17"]
[SourceQuality "1"]
[WhiteTeam "Akaa"]
[BlackTeam "Sastamala VammSK"]
[WhiteTeamCountry "FIN"]
[BlackTeamCountry "FIN"]

1. e4 e5 2. Nf3 Nc6 3. Bb5 a6 4. Ba4 Nf6 5. 0-0 b5 6. Bb3 Be7 7. Re1 0-0 8. d3 d6 9. c3 Na5 10. Bc2 c5 11. Nbd2 Qc7 12. Nf1 Re8 13. Ng3 h6 14. h3 Bf8 15. Nh2 c4 16. d4 Nc6 17. dxe5 dxe5 18. Qf3 Nh7 19. Nf5 Ne7 20. g4 Nxf5 21. gxf5 Bb7 22. Qg3 Kh8 23. Ng4 Rad8 24. Kh2 f6 25. Rg1 Bc5 26. Ne3 Re7 27. Ng2 Red7 28. Nh4 Ng5 29. Ng6+ Kh7 30. Bxg5 fxg5 31. Rg2 Rd2 32. f3 Be3 33. Rag1 Bxg1+ 34. Kxg1 Qc5+ 35. Kh1 Rxg2 36. Qxg2 Qe3 0-1

[Event "Tampere We TammerSh B"]
[Site "Tampere"]
[Date "2017.03.26"]
[Round "3"]
[White "Luosto, Kerkko"]
[Black "Salonen, Mikko"]
[Result "0-1"]
[WhiteElo "1889"]
[BlackElo "1958"]
[PlyCount "116"]
[EventDate "2017.03.25"]
[EventType "swiss"]
[EventRounds "4"]
[EventCountry "FIN"]
[SourceTitle "EXT 2022"]
[Source "ChessBase"]
[SourceDate "2021.10.06"]
[SourceVersion "1"]
[SourceVersionDate "2021.10.06"]
[SourceQuality "1"]

1. d4 d5 2. c4 dxc4 3. e4 e5 4. Nf3 exd4 5. Nxd4 Bc5 6. Be3 Nf6 7. Nc3 Ng4 8. Nf5 Qxd1+ 9. Rxd1 Nxe3 10. Nxe3 c6 11. Nxc4 Ke7 12. Be2 b5 13. Ne5 Be6 14. 0-0 Rc8 15. Nd3 Bb6 16. b3 f6 17. Kh1 Nd7 18. f4 a6 19. Bf3 Rab8 20. Rfe1 Nc5 21. Nd5+ Kf8 22. Nxb6 Nxd3 23. Rxd3 Rxb6 24. Rd6 Bf7 25. e5 Ke7 26. Bg4 Rc7 27. Red1 Rbb7 28. e6 Be8 29. f5 g6 30. Bh3 Rb8 31. g4 a5 32. Bg2 g5 33. Kg1 c5 34. R6d2 c4 35. Rc1 c3 36. Rd3 b4 37. Rd5 a4 38. Ra5 Rd8 39. Rd5 axb3 40. axb3 Rxd5 41. Bxd5 Rc5 42. Bf3 Ra5 43. Rc2 Kd6 44. Be2 Ra1+ 45. Kf2 Bc6 46. Ke3 Rb1 47. Bc4 Rb2 48. Rxb2 cxb2 49. Bd3 Bd5 50. Kd4 Bxb3 51. Bb1 Bd1 52. Kc4 Bxg4 53. Kxb4 Bf3 54. Kc3 h5 55. Kxb2 g4 56. Kc3 h4 57. Kd2 g3 58. hxg3 h3 0-1

[Event "Tampere We TammerSh B"]
[Site "Tampere"]
[Date "2017.03.25"]
[Round "2"]
[White "Salonen, Mikko"]
[Black "Uusi Oukari, Seppo"]
[Result "1-0"]
[WhiteElo "1958"]
[BlackElo "1917"]
[PlyCount "43"]
[EventDate "2017.03.25"]
[EventType "swiss"]
[EventRounds "4"]
[EventCountry "FIN"]
[SourceTitle "EXT 2022"]
[Source "ChessBase"]
[SourceDate "2021.10.06"]
[SourceVersion "1"]
[SourceVersionDate "2021.10.06"]
[SourceQuality "1"]

1. e4 c5 2. Nf3 Nc6 3. d4 cxd4 4. Nxd4 e5 5. Nb5 Nf6 6. N1c3 d6 7. Nd5 Nxd5 8. exd5 Ne7 9. c4 Nf5 10. Bd3 g6 11. h4 Nxh4 12. Rxh4 Qxh4 13. Nc7+ Kd8 14. Nxa8 Bd7 15. Be3 b6 16. Qd2 Be7 17. 0-0-0 Kc8 18. Qb4 Kb7 19. Nxb6 axb6 20. Qxb6+ Kc8 21. c5 Ba4 22. c6 1-0

[Event "Tampere Kari Hyotylan A"]
[Site "Tampere"]
[Date "2016.11.19"]
[Round "2"]
[White "Jarvenpaa, Jari"]
[Black "Salonen, Mikko"]
[Result "1-0"]
[WhiteElo "2249"]
[BlackElo "1983"]
[PlyCount "59"]
[EventDate "2016.11.19"]
[EventType "swiss"]
[EventRounds "5"]
[EventCountry "FIN"]
[SourceTitle "EXT 2022"]
[Source "ChessBase"]
[SourceDate "2021.10.06"]
[SourceVersion "1"]
[SourceVersionDate "2021.10.06"]
[SourceQuality "1"]

1. e4 e5 2. Nf3 Nc6 3. Bb5 a6 4. Ba4 Nf6 5. 0-0 b5 6. Bb3 Be7 7. d3 0-0 8. Re1 d6 9. c3 Na5 10. Bc2 c5 11. Nbd2 Nc6 12. Nf1 a5 13. a4 b4 14. Ne3 Rb8 15. Bb3 h6 16. Nd5 Ba6 17. Nxe7+ Qxe7 18. Nh4 Qb7 19. Rb1 Ne7 20. Qf3 Kh7 21. Nf5 Nxf5 22. Qxf5+ Kg8 23. Bxh6 Bxd3 24. Bxg7 Ne8 25. Bf6 Nxf6 26. Qg6+ Kh8 27. Qxf6+ Kh7 28. Re3 Qd7 29. Rg3 Rg8 30. Qh4# 1-0

[Event "Heart of Finland op 26th"]
[Site "Jyvaskyla"]
[Date "2016.07.18"]
[Round "1"]
[White "Kiik, Kalle"]
[Black "Salonen, Mikko"]
[Result "1-0"]
[WhiteElo "2393"]
[BlackElo "1936"]
[PlyCount "109"]
[EventDate "2016.07.18"]
[EventType "swiss"]
[EventRounds "9"]
[EventCountry "FIN"]
[SourceTitle "CBM 173 Extra"]
[Source "ChessBase"]
[SourceDate "2016.08.29"]
[SourceVersion "1"]
[SourceVersionDate "2016.08.29"]
[SourceQuality "1"]

1. c4 e5 2. g3 c6 3. d4 exd4 4. Qxd4 Qf6 5. Qe3+ Qe6 6. Nc3 Bb4 7. Bh3 Qe7 8. Nf3 Na6 9. 0-0 Nf6 10. a3 Bc5 11. Qg5 0-0 12. b4 Bb6 13. Nh4 Re8 14. Nf5 Qf8 15. Bf4 Bc7 16. c5 d5 17. Nh6+ Kh8 18. Bxc8 Raxc8 19. Nf5 Bxf4 20. gxf4 Rcd8 21. Rad1 Ne4 22. Nxe4 Rxe4 23. Nd6 Re7 24. Rd2 b6 25. Nf5 Re6 26. Ng3 bxc5 27. f5 f6 28. Qg4 Ree8 29. Rb1 cxb4 30. axb4 Rb8 31. Rdb2 Rb6 32. Nh5 Re4 33. Nf4 Kg8 34. b5 Qb8 35. e3 Rxb5 36. Rxb5 cxb5 37. Qg2 Qb7 38. Rd1 Re5 39. Nxd5 Qf7 40. f4 Re8 41. Rc1 Kh8 42. e4 Qb7 43. Qc2 h6 44. Qc6 Rb8 45. e5 fxe5 46. Qxb7 Rxb7 47. fxe5 Rb8 48. Rc6 Rd8 49. e6 Nb8 50. Rc5 Re8 51. Nc7 Re7 52. Nxb5 Na6 53. Rc8+ Kh7 54. Nd6 Rc7 55. Rd8 1-0

[Event "Tampere We TammerSh A"]
[Site "Tampere"]
[Date "2016.04.03"]
[Round "5"]
[White "Sorvari, Jarmo"]
[Black "Salonen, Mikko"]
[Result "1/2-1/2"]
[WhiteElo "2056"]
[BlackElo "1936"]
[PlyCount "26"]
[EventDate "2016.04.01"]
[EventType "swiss"]
[EventRounds "5"]
[EventCountry "FIN"]
[SourceTitle "EXT 2022"]
[Source "ChessBase"]
[SourceDate "2021.10.06"]
[SourceVersion "1"]
[SourceVersionDate "2021.10.06"]
[SourceQuality "1"]

1. d4 d5 2. Bf4 Nf6 3. e3 Bf5 4. c4 Nc6 5. Nc3 e6 6. Nf3 Bd6 7. Ne5 Bxe5 8. dxe5 Ne4 9. Rc1 Nxc3 10. Rxc3 d4 11. exd4 Qxd4 12. Qxd4 Nxd4 13. Be2 Nxe2 1/2-1/2